000 00606nam a2200241Ia 4500
005 20260121111850.0
008 1456 260114s9999 xx 000 0 eng d
020 _a9789812777508
037 _aEBOOK
040 _aCRL
_beng
_cCRL
041 _aeng
_2eng
084 _qCRL
100 _aRomanowska Anna B Et Al
_9948535
245 0 _aModes
260 _bWorld Scientific
260 _bWSPC
260 _c2002
650 _aMathematics
_9948536
856 _uhttps://www.worldscientific.com/worldscibooks/10.1142/4953#t=toc
942 _cEBOOK
999 _c1538756
_d1538756